Garden pests & diseases / (Record no. 18507)

000 -LEADER
fixed length control field 00536cam a2200205 a 4500
020 ## - INTERNATIONAL STANDARD BOOK NUMBER
ISBN 0376033029 :
040 ## - CATALOGING SOURCE
Transcribing agency DLC
082 00 - DEWEY DECIMAL CLASSIFICATION NUMBER
Classification number 635 SUN 1993 C147 Or.
245 00 - TITLE STATEMENT
Title Garden pests & diseases /
250 ## - EDITION STATEMENT
Edition statement 1st ed.
260 ## - PUBLICATION, DISTRIBUTION, ETC. (IMPRINT)
Place of publication Menlo Park, Calif. :
Name of publisher Sunset Pub. Corp.,
Year of publication c1993.
300 ## - PHYSICAL DESCRIPTION
Number of Pages 112 p. :
Other physical details col. ill. ;
Dimensions 28 cm.
500 ## - GENERAL NOTE
General note At head of title: Sunset.
500 ## - GENERAL NOTE
General note Includes index.
650 #0 - SUBJECT ADDED ENTRY--TOPICAL TERM
Topical Term Garden pests.
650 #0 - SUBJECT ADDED ENTRY--TOPICAL TERM
Topical Term Plant diseases.
650 #0 - SUBJECT ADDED ENTRY--TOPICAL TERM
Topical Term Garden pests
710 2# - ADDED ENTRY--CORPORATE NAME
Corporate name or jurisdiction name as entry element Sunset Books.
942 ## - ADDED ENTRY ELEMENTS (KOHA)
Koha item type ADB
952 ## - LOCATION AND ITEM INFORMATION (KOHA)
Withdrawn status [LOCAL, KOHA] 0
Holdings
Source of acquisition Permanent Location Date acquired Koha item type Lost status Shelving location Current Location Full call number
A39179Library Block C2019-12-13ADB C147Library Block C635 SUN 1993 C147 Or.
មជ្ឈមណ្ឌលឯការនៃសាកលវិទ្យាល័យភូមិន្ទកសិកម្មចំការដូង

Powered by Koha